| 000 | 00410nam a2200169 4500 | ||
|---|---|---|---|
| 005 | 20251204102253.0 | ||
| 008 | cuc123 | ||
| 020 | _a9780521466790 | ||
| 050 |
_aHF 1359.K46 KEN _b1 |
||
| 100 | _aKENEN, B.Peter | ||
| 245 | _aThe international economy | ||
| 250 | _a3rd | ||
| 260 |
_aCambrigde _bcambridge university press _c1994 |
||
| 300 | _aix,621p tables | ||
| 500 | _atables, diagrams | ||
| 942 |
_2lcc _cBK _n0 |
||
| 999 |
_c8500 _d8500 |
||